| 000 | 00408nam a22001577a 4500 | ||
|---|---|---|---|
| 005 | 20180205144935.0 | ||
| 008 | 160427b xxu||||| |||| 00| 0 eng d | ||
| 020 | _a81-7722-338-0 | ||
| 041 | _aeng | ||
| 082 |
_b00298 _a004.678 |
||
| 100 |
_aGupta, Vikas _9120 |
||
| 245 | _aO'Level Course Internet and web Design /Module:M3-R3 | ||
| 260 |
_aNew Delhi _bDream Tech Press, _c2003 |
||
| 300 | _a376 | ||
| 942 | _cBK | ||
| 999 |
_c101 _d101 |
||